Stati per minore tasso di natalità - Statistics

Statistiche generali
  • Questo quiz è stato fatto 15 volte
  • Il punteggio medio è 12 su 15
Statistiche sulle risposte
Tasso di natalità (nati / 1000 abitanti) Continente Nazione % Corretto
7,52 Europa Grecia
100%
7,00 Europa Italia
100%
7,12 Europa Spagna
100%
8,12 Europa Slovenia
93%
8,31 Europa Bosnia ed Erzegovina
87%
7,97 Europa Bulgaria
87%
7,99 Europa Portogallo
87%
8,48 Europa Estonia
80%
8,50 Europa Lettonia
80%
6,95 Asia Corea del Sud
73%
6,90 Asia Giappone
73%
8,31 Europa Polonia
73%
8,43 Europa Repubblica Ceca
73%
6,87 Europa Andorra
67%
6,61 Europa Monaco
60%
Nessun quiz corrispondente trovato
Distribuzione punteggi
Percentuale di utenti per punteggio
Percentile per numero di risposta
I tuoi punteggi nel tempo
Non hai fatto questo quiz